Maple V Quick Reference

Αποθηκεύτηκε σε:
Λεπτομέρειες βιβλιογραφικής εγγραφής
Κύριος συγγραφέας: Blachman, Nancy
Άλλοι συγγραφείς: Mossinghoff, Michael J., 1964-
Μορφή: Βιβλίο
Γλώσσα:English
Δημοσίευση: Pacific Grove, Cal. : Brooks/Cole Publishing Company, c1994.
Θέματα:
Ετικέτες: Προσθήκη ετικέτας
Δεν υπάρχουν, Καταχωρήστε ετικέτα πρώτοι!

MARC

LEADER 00000cam a2200000 i 4500
001 1/42657
008 950314s1994 cau| ||| |||| ||eng||
020 |a 0534204783 
035 |a 1995  |c Χατζησάββας  |l 10041822 
040 |a GR-MyUa  |b gre  |e AACR2 
041 0 |a eng 
082 7 |a 510.28553   |2 (22) 
100 1 |a Blachman, Nancy. 
245 1 0 |a Maple V Quick Reference /   |c Nancy R. Blachman and Michael J. Mossinghoff.  
260 |a Pacific Grove, Cal. :   |b Brooks/Cole Publishing Company,   |c c1994.  
300 |a xiii, 522 σ. ;   |c 24 εκ. 
504 |a Περιλαμβάνει βιβλιογραφίες και ευρετήριο.  
630 0 0 |a Maple (Computer file) 
650 0 |a Mathematics  |x Data processing. 
700 1 |a Mossinghoff, Michael J.,   |d 1964- 
852 |a INST  |b SAMOS  |e 19950314  |h 510.28553 BLA  |p 005300005869  |q 005300005869  |t BK  |y 0